Caricamento...
Monograph on internal assessment for universities
| Altri autori: | |
|---|---|
| Natura: | Printed Book |
| Lingua: | Undetermined |
| Pubblicazione: |
New Delhi
Association of Indian Universities
1984
|
| LEADER | 00506nam a2200145Ia 4500 | ||
|---|---|---|---|
| 008 | 140316s9999 xx 000 0 und d | ||
| 082 | |a 378.076 |b AIU/MO | ||
| 100 | |||
| 245 | |a Monograph on internal assessment for universities | ||
| 260 | |a New Delhi |b Association of Indian Universities |c 1984 | ||
| 300 | |a 197 | ||
| 700 | |a AIU | ||
| 942 | |2 ddc |c REF | ||
| 999 | |c 17870 |d 17870 | ||
| 952 | |0 0 |1 0 |2 ddc |4 0 |6 378_076000000000000_AIUMO |7 0 |9 25495 |a KAUCLV |b KAUCLV |c REF |d 2014-03-18 |o 378.076 AIU/MO |p 202496 |r 2014-03-18 |w 2014-03-18 |y REF | ||